| 000 | 02751cam a2200793 4500 | ||
|---|---|---|---|
| 001 | 22362 | ||
| 003 | VRT | ||
| 005 | 20260326153704.0 | ||
| 008 | 210624s2018 xo oa g f 001 0 slo | ||
| 015 | _aSNBA2019 | ||
| 020 |
_a9788080972547 _q(brožované) |
||
| 035 | _aurn:nbn:sk:snk-am00dlfx | ||
| 035 | _aurn:nbn:sk:snk-am3i650 | ||
| 035 | _a2CEDB36E-EF2E-43B8-875B-0A40D23DEF6E | ||
| 039 | 9 |
_a202403141124 _bmsnk181 _c202106241119 _dVLOAD _c202004020842 _dVLOAD _c201907251058 _dcsnk01 |
|
| 040 |
_aSVKBB _bslo _cSVKBB _dSNK _erda |
||
| 041 | 1 |
_aslo _heng |
|
| 044 |
_axo _cSK |
||
| 072 | 7 |
_a613 _xHygiena. Ľudské zdravie _2konspekt |
|
| 080 |
_a612.17 _22011 |
||
| 080 |
_a612.1 _22011 |
||
| 080 |
_a613 _22011 |
||
| 080 |
_a616-084 _22011 |
||
| 080 |
_a(0.062) _22011 |
||
| 240 | 1 | 4 |
_aThe heart and cirkulation system _lSlovensky |
| 245 | 0 | 0 |
_aSrdce ako zvon a pružné cievy _cz anglického originálu The heart and cirkulation system ... preložila Jana Bertóková |
| 250 | _aPrvé vydanie | ||
| 264 | 1 |
_aBratislava _bTarsago Slovensko, s.r.o. _c2018 |
|
| 300 |
_a136 strán _bilustrácie (prevažne farebné), fotografie _c24 cm |
||
| 336 |
_atext _btxt _2rdacontent |
||
| 337 |
_abez média _bn _2rdamedia |
||
| 338 |
_azväzok _bnc _2rdacarrier |
||
| 490 | 1 | _aReader's Digest | |
| 504 | _aObsahuje register | ||
| 650 | 0 | 7 |
_asrdce _2SNKPH |
| 650 | 0 | 7 |
_aHeart _2SNKPHeng |
| 650 | 0 | 7 |
_akardiovaskulárny systém _2SNKPH |
| 650 | 0 | 7 |
_aCardiovascular system _2SNKPHeng |
| 650 | 0 | 7 |
_aživotospráva _2SNKPH |
| 650 | 0 | 7 |
_aHealth behavior _2SNKPHeng |
| 650 | 0 | 7 |
_aprevencia ochorení _2SNKPH |
| 650 | 0 | 7 |
_aPrevention of diseases _2SNKPHeng |
| 650 | 0 | 7 |
_azdravý životný štýl _2SNKPH |
| 650 | 0 | 7 |
_aHealthy lifestyle _2SNKPHeng |
| 655 | 7 |
_apopulárno-náučné publikácie _2SNKPH |
|
| 655 | 7 |
_aPopular works _2SNKPHeng |
|
| 700 | 1 |
_aBanning, Adrian _4aut |
|
| 700 | 1 |
_ade Bonis, Michele _4aut |
|
| 700 | 1 |
_aDerodra, Josh _4aut |
|
| 700 | 1 |
_aDuncan, Josh _4aut |
|
| 700 | 1 |
_aHunter, Fiona _4aut |
|
| 700 | 1 |
_aLevy, Yoel _4aut |
|
| 700 | 1 |
_aKelion, Andrew _4aut |
|
| 700 | 1 |
_aPlumer, Chris _4aut |
|
| 700 | 1 |
_aStracey, Helen _4aut |
|
| 700 | 1 |
_aKaran, Thomas _4aut |
|
| 700 | 1 |
_aWalker, Hamish _4aut |
|
| 700 | 1 |
_aWhite, Hazel _4aut |
|
| 700 | 1 |
_aZaheer, Yousef _4aut |
|
| 700 | 1 |
_aBertóková, Jana _4trl |
|
| 700 | 1 |
_aBuckley, Aidan _4aut |
|
| 830 | 0 | _aReader's Digest | |
| 942 |
_2ddc _cKLDO _n0 |
||
| 949 |
_62889344301 _asavukPV 27473 _bsavuk2019/146 |
||
| 949 |
_6273K0641803 _asvkpoC 59692 _bsvkpo633815 |
||
| 949 |
_6270001000600072 _asvkbbB 59246 _bsvkbbm 781095 |
||
| 949 |
_617A1354041 _asnkSB 93721 _bsnk2019/3216 _o2778/18 _s6100:20190730 |
||
| 949 |
_617A1354042 _asnkSB 93721 D1 _bsnk2019/3217 _o2778/18 |
||
| 999 |
_c22362 _d22362 |
||